000 00294nam a22001337a 4500
008 170804b xxu||||| |||| 00| 0 eng d
020 _a9780471183846
041 _aeng
080 _a004
100 _a33
101 _aSHKI
245 _aSTRUCTURED COBOL PROGRAMMING
_cSTERN
942 _2udc
_cBK
999 _c22695
_d22695